GST UNTUK BISNES & PENIAGA : (Record no. 4658)
[ view plain ]
| 000 -LEADER | |
|---|---|
| fixed length control field | nam a22 a 4500 |
| 003 - CONTROL NUMBER IDENTIFIER | |
| control field | AKMAL |
| 005 - DATE AND TIME OF LATEST TRANSACTION | |
| control field | 20170727103718.0 |
| 008 - FIXED-LENGTH DATA ELEMENTS--GENERAL INFORMATION | |
| fixed length control field | 170727t20152015my e 000 0 may d |
| 020 ## - INTERNATIONAL STANDARD BOOK NUMBER | |
| International Standard Book Number | 9789674160678 |
| Qualifying information | paperback |
| Terms of availability | RM44.90 |
| 040 ## - CATALOGING SOURCE | |
| Original cataloging agency | BNM |
| 082 04 - DEWEY DECIMAL CLASSIFICATION NUMBER | |
| Classification number | 336.271409595 NOR |
| Edition number | 23 |
| 090 00 - LOCALLY ASSIGNED LC-TYPE CALL NUMBER (OCLC); LOCAL CALL NUMBER (RLIN) | |
| Classification number (OCLC) (R) ; Classification number, CALL (RLIN) (NR) | 336.271409595 |
| Local cutter number (OCLC) ; Book number/undivided call number, CALL (RLIN) | NOR |
| 100 0# - MAIN ENTRY--PERSONAL NAME | |
| Personal name | Norsa'adah Ahmad, |
| Dates associated with a name | 1979- |
| Relator term | author. |
| 9 (RLIN) | 8974 |
| 245 10 - TITLE STATEMENT | |
| Title | GST UNTUK BISNES & PENIAGA : |
| Remainder of title | 40 Soalan Penting Untuk Memahami GST dan Pelaksanaannya Di Malaysia / |
| Statement of responsibility, etc. | NORSA'ADAH AHMAD |
| 246 3# - VARYING FORM OF TITLE | |
| Title proper/short title | Goods and Services Tax untuk bisnes & peniaga |
| 264 #1 - PRODUCTION, PUBLICATION, DISTRIBUTION, MANUFACTURE, AND COPYRIGHT NOTICE | |
| Place of production, publication, distribution, manufacture | [Petaling Jaya, Selangor] : |
| Name of producer, publisher, distributor, manufacturer | TrueWealth Sdn Bhd, |
| Date of production, publication, distribution, manufacture, or copyright notice | [2015?] |
| 264 #4 - PRODUCTION, PUBLICATION, DISTRIBUTION, MANUFACTURE, AND COPYRIGHT NOTICE | |
| Date of production, publication, distribution, manufacture, or copyright notice | ©2015 |
| 300 ## - PHYSICAL DESCRIPTION | |
| Extent | xiv, 234 pages ; |
| Dimensions | 21 cm |
| 504 ## - BIBLIOGRAPHY, ETC. NOTE | |
| Bibliography, etc. note | Bibliography: page 233 |
| 650 10 - SUBJECT ADDED ENTRY--TOPICAL TERM | |
| Topical term or geographic name entry element | Sales tax |
| Geographic subdivision | Malaysia |
| 9 (RLIN) | 178 |
| 650 20 - SUBJECT ADDED ENTRY--TOPICAL TERM | |
| Topical term or geographic name entry element | Value-added tax |
| Geographic subdivision | Malaysia |
| 9 (RLIN) | 180 |
| 650 20 - SUBJECT ADDED ENTRY--TOPICAL TERM | |
| Topical term or geographic name entry element | Taxation |
| Geographic subdivision | Malaysia |
| 9 (RLIN) | 179 |
| 942 ## - ADDED ENTRY ELEMENTS (KOHA) | |
| Source of classification or shelving scheme | |
| Koha item type | Book |
| 950 ## - LOCAL HOLDINGS (RLIN) | |
| Permanent shelving location, LOC (RLIN) | AKMAL |
| Withdrawn status | Lost status | Source of classification or shelving scheme | Damaged status | Not for loan | Collection code | Home library | Current library | Shelving location | Date acquired | Inventory number | Total Checkouts | Full call number | Barcode | Date last seen | Date last checked out | Price effective from | Koha item type | Total Renewals |
|---|---|---|---|---|---|---|---|---|---|---|---|---|---|---|---|---|---|---|
| NON-FICTION | AKMAL Melaka | AKMAL Melaka | PINJAMAN | 27.07.2017 | 307155 | 1 | 336.271409595 NOR | 201707510 | 08.04.2018 | 01.04.2018 | 27.07.2017 | Book | ||||||
| NON-FICTION | AKMAL Melaka | AKMAL Melaka | PINJAMAN | 27.07.2017 | 307156 | 2 | 336.271409595 NOR | 201707509 | 13.04.2018 | 08.04.2018 | 27.07.2017 | Book | ||||||
| NON-FICTION | AKMAL Melaka | AKMAL Melaka | PINJAMAN | 27.07.2017 | 307157 | 1 | 336.271409595 NOR | 201707508 | 03.04.2018 | 29.03.2018 | 27.07.2017 | Book | 1 |
